[Event "X Memorial Pedro Lezcano Montalvo 2017"]
[Site "Ateneo Mpal. de Vecindario-C/Colón, s/n (Gran Canaria)"]
[Date "2017.04.13"]
[Round "7"]
[White "Del Rio De Angelis, Salvador G"]
[Black "Robin, Samy"]
[Result "1-0"]
[WhiteElo "2524"]
[BlackElo "2285"]
[EventDate "2017.04.08"]
[Board "4"]
[PlyCount "0"]
[EventRounds "9"]
[EventCountry "ESP"]

1. d4 Nf6 2. c4 d6 3. Nf3 g6 4. Nc3 Nbd7 5. e4 e5 6. d5 Bg7 7. h3 Nc5 8.
Qc2 a5 9. g4 O-O 10. Be3 Ne8 11. O-O-O f5 12. gxf5 gxf5 13. h4 f4 14. Bxc5
Bg4 15. Be2 Bxf3 16. Bxf3 dxc5 17. Rdg1 Kh8 18. Qb3 b6 19. Qd1 Nd6 20. Qe2
Bf6 21. Bg4 Rg8 22. f3 Qe7 23. h5 h6 24. Qd3 Rg5 25. Be6 Re8 26. Rxg5 Bxg5
27. Nd1 Nf7 28. Nf2 Bf6 29. Ng4 Ng5 30. Nxh6 Nxe6 31. dxe6 Qxe6 32. Qd5
Qxd5 33. cxd5 a4 34. Rg1 Rf8 35. Rg6 Kh7 36. Ng4 Bg7 37. d6 cxd6 38. Rxd6
Rb8 39. Rd7 Kg8 40. h6 Bh8 41. h7+ Kf8 42. Nh6 Ke8 43. Ra7 Rd8 44. Nf7 1-0

[Event "X Memorial Pedro Lezcano Montalvo 2017"]
[Site "Ateneo Mpal. de Vecindario-C/Colón, s/n (Gran Canaria)"]
[Date "2017.04.13"]
[Round "7"]
[White "Aguera Naredo, Javier"]
[Black "Podvin, Francois-Xavier"]
[Result "1-0"]
[WhiteElo "2354"]
[BlackElo "2175"]
[EventDate "2017.04.08"]
[Board "5"]
[PlyCount "0"]
[EventRounds "9"]
[EventCountry "ESP"]

1. e4 c5 2. Nf3 Nc6 3. Bb5 d6 4. O-O Nf6 5. e5 dxe5 6. Nxe5 Bd7 7. Bxc6
Bxc6 8. Nxc6 bxc6 9. Na3 e6 10. b3 Qd4 11. Qf3 Qd5 12. Qe2 Rd8 13. Nc4 Be7
14. Bb2 O-O 15. Rfe1 Nd7 16. Ne3 Qg5 17. Qa6 Nb8 18. Qxa7 Rd7 19. Qa5 Bd8
20. Qa4 Rxd2 21. Rad1 Rxd1 22. Rxd1 h5 23. Qa7 h4 24. Qxb8 Bf6 25. Bxf6 1-0

[Event "X Memorial Pedro Lezcano Montalvo 2017"]
[Site "Ateneo Mpal. de Vecindario-C/Colón, s/n (Gran Canaria)"]
[Date "2017.04.13"]
[Round "7"]
[White "Rabineau, Clement"]
[Black "Rionda Medio, Angel Arturo"]
[Result "1-0"]
[WhiteElo "2269"]
[BlackElo "1919"]
[EventDate "2017.04.08"]
[Board "6"]
[PlyCount "0"]
[EventRounds "9"]
[EventCountry "ESP"]

1. Nf3 d5 2. c4 c6 3. e3 Nf6 4. Nc3 Bg4 5. cxd5 Bxf3 6. Qxf3 cxd5 7. b3 Nc6
8. Bb2 e6 9. Be2 Be7 10. O-O O-O 11. Rac1 Rc8 12. d3 d4 13. Ne4 e5 14. Rc4
Qa5 15. Ra4 Qb6 16. Ng3 Rfd8 17. Nf5 Bb4 18. Qg3 g6 19. Qg5 Nd5 20. Bf3 Be7
21. Nxe7+ Ndxe7 22. exd4 exd4 23. h4 Nf5 24. h5 h6 25. Qf4 Qc7 26. Qxc7
Rxc7 27. hxg6 fxg6 28. Rc1 Rdd7 29. Rac4 Kf7 30. b4 a6 31. a4 Nd6 32. Rc5
Ne8 33. Bd5+ Ke7 34. Bxc6 bxc6 35. Rxc6 Kf7 36. Rxc7 Nxc7 37. Bxd4 Ne6 38.
Be3 Rxd3 39. Rb1 g5 40. b5 axb5 41. axb5 Rd7 42. b6 Rb7 43. g4 Kf6 44. Rb5
Ke7 45. Kg2 Kd6 46. Kf3 Nd8 47. Rf5 Rh7 48. Rf8 Nb7 49. Ke4 Ke6 50. Re8+
Kd7 51. Ra8 Ke6 52. Re8+ Kd7 53. Rg8 Nd6+ 54. Kd5 Nb7 55. Bd4 h5 56. gxh5
Rxh5 57. Rg7+ Kc8 58. Be5 Rh4 59. Rc7+ Kb8 60. Rc4+ 1-0

[Event "X Memorial Pedro Lezcano Montalvo 2017"]
[Site "Ateneo Mpal. de Vecindario-C/Colón, s/n (Gran Canaria)"]
[Date "2017.04.13"]
[Round "7"]
[White "Alvarado Diaz, Alejandro"]
[Black "Perez Guerra, Raul"]
[Result "1-0"]
[WhiteElo "2415"]
[BlackElo "2003"]
[EventDate "2017.04.08"]
[Board "8"]
[PlyCount "0"]
[EventRounds "9"]
[EventCountry "ESP"]

1. Nf3 Nc6 2. e4 d6 3. d4 Bg4 4. Be3 g6 5. Nc3 Bg7 6. d5 Ne5 7. Be2 Nxf3+
8. gxf3 Bd7 9. Qd2 c6 10. O-O-O Qa5 11. Bd4 Nf6 12. Kb1 c5 13. Be3 b5 14.
Nxb5 Qb6 15. c4 Rb8 16. Rc1 Bxb5 17. cxb5 a6 18. a4 axb5 19. Bxb5+ Nd7 20.
Rc2 Kd8 21. Qe2 Kc7 22. f4 Rhc8 23. h4 Nf6 24. Rd1 Ne8 25. e5 Kd8 26. Re1
Rc7 27. exd6 Qxd6 28. Rec1 Bd4 29. Qd2 Qb6 30. Bxd4 cxd4 31. Rc6 Rxc6 32.
Rxc6 Qa7 33. Ra6 Qc5 34. Qa5+ Qc7 35. Bc6 d3 36. Qc3 Qxf4 37. Ra7 Nc7 38.
Qh8+ 1-0

[Event "X Memorial Pedro Lezcano Montalvo 2017"]
[Site "Ateneo Mpal. de Vecindario-C/Colón, s/n (Gran Canaria)"]
[Date "2017.04.13"]
[Round "7"]
[White "Cruz Ramirez, Nauzet"]
[Black "Derakhshani, Dorsa"]
[Result "0-1"]
[WhiteElo "1957"]
[BlackElo "2351"]
[EventDate "2017.04.08"]
[Board "9"]
[PlyCount "0"]
[EventRounds "9"]
[EventCountry "ESP"]

1. d4 Nf6 2. c4 e6 3. Nf3 b6 4. g3 Bb7 5. Bg2 Be7 6. O-O O-O 7. Nc3 Ne4 8.
Nxe4 Bxe4 9. Nh4 Bxg2 10. Nxg2 f5 11. e4 Nc6 12. Be3 Qe8 13. e5 Rd8 14. Qe2
g5 15. h3 Qg6 16. f4 gxf4 17. gxf4 d5 18. Kh1 Kh8 19. Qf3 Rg8 20. b3 Qh6
21. Kh2 Ba3 22. Rf2 a5 23. Ne1 Rg4 24. Nc2 Bb2 25. Rg1 Rxg1 26. Kxg1 Ne7
27. Kf1 Ng6 28. Ne1 Bc3 29. Nc2 Nh4 30. Qd1 Bb4 31. Qd3 Be7 32. Bd2 Rg8 33.
cxd5 exd5 34. Ne3 Qh5 35. Qe2 Qg6 36. Ke1 c6 37. Kd1 Qg3 38. Be1 Qg6 39.
Rf1 Ng2 40. Nxg2 Qxg2 41. Qxg2 Rxg2 42. Rf2 Rg1 43. Ke2 Rh1 44. Rf3 Rh2+
45. Bf2 Bh4 46. Ke1 Bxf2+ 47. Rxf2 Rxh3 48. Rc2 Rh1+ 49. Kd2 Rh2+ 50. Kd3
Rxc2 51. Kxc2 c5 0-1

[Event "X Memorial Pedro Lezcano Montalvo 2017"]
[Site "Ateneo Mpal. de Vecindario-C/Colón, s/n (Gran Canaria)"]
[Date "2017.04.13"]
[Round "7"]
[White "Garcia Blanco, Omar"]
[Black "Mendez Acosta, Alexander Jesus"]
[Result "1-0"]
[WhiteElo "2269"]
[BlackElo "1931"]
[EventDate "2017.04.08"]
[Board "10"]
[PlyCount "0"]
[EventRounds "9"]
[EventCountry "ESP"]

1. e4 e6 2. d4 d5 3. Nd2 Nf6 4. e5 Nfd7 5. Bd3 c5 6. c3 Nc6 7. Ne2 cxd4 8.
cxd4 f6 9. exf6 Qxf6 10. O-O Bd6 11. Nf3 e5 12. Bg5 Qe6 13. dxe5 Ndxe5 14.
Nxe5 Bxe5 15. Nf4 Bxf4 16. Bxf4 O-O 17. Bg3 Qg4 18. Qb3 Rd8 19. Rad1 Nd4
20. Qc3 Bf5 21. h3 Ne2+ 22. Bxe2 Qxe2 23. Rfe1 Qc4 24. Qe5 Bg6 25. Qe7 Qb5
26. Be5 Rd7 27. Qe6+ Kh8 28. Bd4 Qc6 29. Qg4 Rf7 30. Re5 Re8 31. Rxe8+ Qxe8
32. Bxa7 Re7 33. Rxd5 b6 34. Qd4 Qc6 35. Rd8+ Be8 36. Bxb6 Re4 37. Qd6 Qc1+
38. Kh2 h6 39. Qf8+ Kh7 40. Rxe8 Rf4 41. Qg8+ Kg6 42. Re6+ 1-0

[Event "X Memorial Pedro Lezcano Montalvo 2017"]
[Site "Ateneo Mpal. de Vecindario-C/Colón, s/n (Gran Canaria)"]
[Date "2017.04.13"]
[Round "7"]
[White "Ramirez Maillo, Juan Adonay"]
[Black "Ramirez Medina, Victor"]
[Result "0-1"]
[WhiteElo "1922"]
[BlackElo "2215"]
[EventDate "2017.04.08"]
[Board "11"]
[PlyCount "0"]
[EventRounds "9"]
[EventCountry "ESP"]

1. e4 e6 2. Qe2 c5 3. Nf3 Nc6 4. g3 g6 5. Bg2 Bg7 6. O-O Nge7 7. d3 O-O 8.
Nbd2 d5 9. c3 Rb8 10. exd5 exd5 11. Nb3 b6 12. Bf4 Ra8 13. d4 a5 14. Rfd1
a4 15. Nc1 cxd4 16. cxd4 Bg4 17. Be3 Nf5 0-1

[Event "X Memorial Pedro Lezcano Montalvo 2017"]
[Site "Ateneo Mpal. de Vecindario-C/Colón, s/n (Gran Canaria)"]
[Date "2017.04.13"]
[Round "7"]
[White "Rodriguez Melian, Jose Luis"]
[Black "Guerrero Orihuela, Jose Luis"]
[Result "0-1"]
[WhiteElo "2053"]
[BlackElo "1775"]
[EventDate "2017.04.08"]
[Board "12"]
[PlyCount "0"]
[EventRounds "9"]
[EventCountry "ESP"]

1. d4 Nf6 2. c4 c5 3. d5 b5 4. cxb5 a6 5. bxa6 g6 6. Nc3 d6 7. Nf3 Bg7 8.
e4 Qa5 9. Bd2 Bxa6 10. Bxa6 Qxa6 11. Qe2 O-O 12. Bg5 Ra7 13. Qxa6 Nxa6 14.
O-O-O Ng4 15. Rd2 Rb8 16. h3 Ne5 17. Nxe5 Bxe5 18. a3 f6 19. Be3 Bxc3 20.
bxc3 Rb3 21. Rc2 Nc7 22. Kd2 Raxa3 23. Rhc1 Kg7 24. g4 Na8 25. f4 Nb6 26.
Kd3 Na4 27. g5 Nb2+ 28. Ke2 Nc4 29. gxf6+ Kxf6 30. Kd3 Nxe3 31. Kxe3 e6 32.
dxe6 Kxe6 33. Kd3 Rb4 34. Rf1 Rd4+ 35. Ke3 Rc4 36. Rfc1 Raa4 37. f5+ gxf5
38. exf5+ Kxf5 39. Rf2+ Rf4 40. Rxf4+ Rxf4 41. Rd1 Re4+ 42. Kf3 Re6 43.
Rd5+ Kf6 44. Kf4 Ke7 45. Rh5 h6 46. c4 Rf6+ 47. Ke4 Ke6 48. h4 Kd7 49. Kd5
Rf4 0-1

[Event "X Memorial Pedro Lezcano Montalvo 2017"]
[Site "Ateneo Mpal. de Vecindario-C/Colón, s/n (Gran Canaria)"]
[Date "2017.04.14"]
[Round "8"]
[White "Dvirnyy, Danyyil"]
[Black "Del Rio De Angelis, Salvador G"]
[Result "1/2-1/2"]
[WhiteElo "2541"]
[BlackElo "2524"]
[EventDate "2017.04.08"]
[Board "1"]
[PlyCount "0"]
[EventRounds "9"]
[EventCountry "ESP"]

1. d4 e6 2. Bf4 f5 3. Nf3 Nf6 4. h3 g6 5. c4 Bg7 6. Nc3 O-O 7. e3 d6 8. Be2
Qe7 9. O-O Nc6 10. Rc1 b6 11. d5 Nd8 12. dxe6 Nxe6 13. Bh2 Ne4 14. Nd4 Nxc3
15. Rxc3 Nxd4 16. exd4 Bb7 17. Bf3 Bxf3 18. Rxf3 Rae8 19. b3 Qe2 20. c5
Qxd1 21. Rxd1 bxc5 22. dxc5 dxc5 23. Bxc7 Rf7 24. Bf4 Re2 25. Rd2 Rxd2 26.
Bxd2 Rd7 27. Bc3 Bxc3 28. Rxc3 Rd1+ 29. Kh2 Rd2 30. Rxc5 Rxa2 31. f4 a5 32.
Rb5 a4 33. bxa4 Rxa4 34. Kg3 1/2-1/2

[Event "X Memorial Pedro Lezcano Montalvo 2017"]
[Site "Ateneo Mpal. de Vecindario-C/Colón, s/n (Gran Canaria)"]
[Date "2017.04.14"]
[Round "8"]
[White "Debray, Christopher"]
[Black "Kurajica, Bojan"]
[Result "0-1"]
[WhiteElo "2328"]
[BlackElo "2517"]
[EventDate "2017.04.08"]
[Board "2"]
[PlyCount "0"]
[EventRounds "9"]
[EventCountry "ESP"]

1. d4 Nf6 2. c4 e6 3. g3 Bb4+ 4. Nd2 c5 5. a3 Bxd2+ 6. Qxd2 cxd4 7. Nf3 d5
8. cxd5 Qxd5 9. Qxd4 Nc6 10. Qxd5 Nxd5 11. Bg2 O-O 12. O-O b6 13. Bd2 Ba6
14. Rfc1 Rac8 15. e3 Rfd8 16. Bf1 Bb7 17. b4 Nf6 18. Bc3 Nxb4 19. axb4 Bxf3
20. Rxa7 Ne4 21. Ra3 h6 22. h3 Nxc3 23. Raxc3 Rxc3 24. Rxc3 Rd1 25. Rc2 f5
26. b5 Kf7 27. Ra2 Rc1 28. Rd2 Ke7 29. Ra2 Kd6 0-1

[Event "X Memorial Pedro Lezcano Montalvo 2017"]
[Site "Ateneo Mpal. de Vecindario-C/Colón, s/n (Gran Canaria)"]
[Date "2017.04.14"]
[Round "8"]
[White "Movsziszian, Karen"]
[Black "Aguera Naredo, Javier"]
[Result "1-0"]
[WhiteElo "2483"]
[BlackElo "2354"]
[EventDate "2017.04.08"]
[Board "3"]
[PlyCount "0"]
[EventRounds "9"]
[EventCountry "ESP"]

1. g3 g6 2. Bg2 Bg7 3. f4 d5 4. Nf3 Nd7 5. O-O Ngf6 6. d3 O-O 7. Nc3 Nc5 8.
e3 b6 9. Qe1 Bb7 10. h3 Qe8 11. g4 Na4 12. Nd1 b5 13. Nf2 Nd7 14. Rb1 c5
15. e4 e5 16. f5 a5 17. h4 c4 18. Bh3 b4 19. dxc4 dxc4 20. g5 f6 21. Kh2
Ndc5 22. gxf6 Rxf6 23. Bg5 Rf7 24. Qe3 Qc6 25. f6 Bxf6 26. Ng4 Bg7 27.
Nfxe5 Qd6 28. Rxf7 Bxe5+ 29. Nxe5 Qxe5+ 30. Bf4 Qxe4 31. Qxe4 Bxe4 32. Rc7
Rf8 33. Bd6 Rf7 34. Rc8+ 1-0

[Event "X Memorial Pedro Lezcano Montalvo 2017"]
[Site "Ateneo Mpal. de Vecindario-C/Colón, s/n (Gran Canaria)"]
[Date "2017.04.14"]
[Round "8"]
[White "Meneses Gonzalez, Kevin Moises"]
[Black "Castellanos Rodriguez, Renier"]
[Result "0-1"]
[WhiteElo "2310"]
[BlackElo "2482"]
[EventDate "2017.04.08"]
[Board "4"]
[PlyCount "0"]
[EventRounds "9"]
[EventCountry "ESP"]

1. e4 c5 2. Nf3 e6 3. d4 cxd4 4. Nxd4 a6 5. Bd3 Ne7 6. O-O g6 7. Nc3 Bg7 8.
Nb3 Nbc6 9. Bg5 h6 10. Bh4 Ne5 11. f4 g5 12. Bg3 gxf4 13. Bxf4 N7g6 14. Be3
h5 15. Be2 b5 16. h3 Qh4 17. Bf2 Qg5 18. Bc5 Nf4 19. Rxf4 Qxf4 20. Nd5 exd5
21. Qxd5 Rb8 22. Rf1 Qh6 23. Rf5 d6 24. Bxd6 Bxf5 25. Bxb8 Qe3+ 26. Kh1
Bxe4 0-1

[Event "X Memorial Pedro Lezcano Montalvo 2017"]
[Site "Ateneo Mpal. de Vecindario-C/Colón, s/n (Gran Canaria)"]
[Date "2017.04.14"]
[Round "8"]
[White "Larino Nieto, David"]
[Black "Rabineau, Clement"]
[Result "1-0"]
[WhiteElo "2491"]
[BlackElo "2269"]
[EventDate "2017.04.08"]
[Board "5"]
[PlyCount "0"]
[EventRounds "9"]
[EventCountry "ESP"]

1. e3 g6 2. h4 Nf6 3. g4 h5 4. g5 Nd5 5. c4 Nb6 6. c5 Nd5 7. e4 Nb4 8. d4
Bg7 9. Be3 d5 10. Qb3 a5 11. a3 N4c6 12. exd5 a4 13. Qc4 Na5 14. Qxa4+ Bd7
15. Qd1 Bg4 16. f3 Qxd5 17. Nc3 Qe6 18. Kf2 Bf5 19. d5 Qd7 20. Rc1 e6 21.
b4 Bxc3 22. Rxc3 Nac6 23. Bc4 O-O 24. Ne2 Ne5 25. Ba2 exd5 26. Nf4 c6 27.
Qd4 Nxf3 28. Qf6 Bg4 29. Bc1 Qf5 30. Qxf5 Bxf5 31. Rxf3 Be4 32. Re1 Bxf3
33. Kxf3 Na6 34. Bb3 Rfe8 35. Rxe8+ Rxe8 36. Be3 Nc7 37. Bc2 Nb5 38. a4 Nc3
39. a5 Nb5 40. Ne2 Na3 41. Ba4 Nc4 42. Bf4 Ra8 43. Bb3 Re8 44. Nd4 Ra8 45.
Bc2 Kf8 46. Ba4 Ra6 47. Bc7 Ke7 48. Bb6 Nxb6 49. cxb6 c5 50. bxc5 Rxa5 51.
Nc6+ bxc6 52. b7 Rxa4 53. b8=Q Ra3+ 54. Ke2 Ra2+ 55. Kd1 Ra1+ 56. Kc2 1-0

[Event "X Memorial Pedro Lezcano Montalvo 2017"]
[Site "Ateneo Mpal. de Vecindario-C/Colón, s/n (Gran Canaria)"]
[Date "2017.04.14"]
[Round "8"]
[White "Ramirez Medina, Victor"]
[Black "Alvarado Diaz, Alejandro"]
[Result "1/2-1/2"]
[WhiteElo "2215"]
[BlackElo "2415"]
[EventDate "2017.04.08"]
[Board "6"]
[PlyCount "0"]
[EventRounds "9"]
[EventCountry "ESP"]

1. e4 c6 2. d4 d5 3. Nd2 dxe4 4. Nxe4 Bf5 5. Ng3 Bg6 6. h4 h6 7. Nf3 Nd7 8.
h5 Bh7 9. Bd3 Bxd3 10. Qxd3 e6 11. Bd2 a5 12. O-O-O Bb4 13. Ne4 Ngf6 14. c3
Nxe4 15. Qxe4 Nf6 16. Qe2 Be7 17. g4 Qd5 18. c4 Qe4 19. Qxe4 Nxe4 20. Be3
f5 21. gxf5 O-O 22. Nh4 exf5 23. Ng6 Rfe8 24. Nxe7+ Rxe7 25. Rh4 Nf6 26.
Rf4 Nxh5 27. Rxf5 Ng3 28. Rf3 Ne4 29. d5 cxd5 30. Rxd5 a4 31. Kc2 Rc8 32.
b3 axb3+ 33. axb3 Ra8 1/2-1/2

[Event "X Memorial Pedro Lezcano Montalvo 2017"]
[Site "Ateneo Mpal. de Vecindario-C/Colón, s/n (Gran Canaria)"]
[Date "2017.04.14"]
[Round "8"]
[White "Alonso Valiente, Alexis"]
[Black "Gutierrez Olivares, Daniel"]
[Result "0-1"]
[WhiteElo "1918"]
[BlackElo "2336"]
[EventDate "2017.04.08"]
[Board "7"]
[PlyCount "0"]
[EventRounds "9"]
[EventCountry "ESP"]

1. d4 Nf6 2. Bf4 g6 3. Nf3 Bg7 4. e3 O-O 5. Be2 d6 6. h3 b6 7. O-O c5 8. c3
Bb7 9. Nbd2 Nbd7 10. Bh2 a6 11. a4 Ra7 12. c4 Qa8 13. Rb1 Ne4 14. d5 Nxd2
15. Qxd2 b5 16. b3 Nf6 17. Bd3 b4 18. e4 e5 19. Ne1 Nd7 20. g4 Qd8 21. Bg3
Bc8 22. Kg2 Kh8 23. Nc2 Nf6 24. Rbe1 Ng8 25. Ne3 Bh6 26. Qc2 Qf6 27. Qe2
Re7 28. Kh2 Bf4 29. Qf3 Nh6 30. Kg2 Kg7 31. Bc2 Rh8 32. Rh1 Ree8 33. Qe2
Ng8 34. Ref1 h5 35. f3 Ne7 36. Qe1 Reg8 37. Bh4 g5 38. Bg3 Bxe3 39. Qxe3
Ng6 40. Rfg1 Kf8 41. Bd1 Rh6 42. Qd2 Rgh8 43. Be2 Ke7 44. Qc1 Nf4+ 45. Bxf4
exf4 46. Qa1 hxg4 47. Qxf6+ Kxf6 48. hxg4 Rxh1 49. Rxh1 Rxh1 50. Kxh1 Ke5
51. Kg2 Kd4 52. Kf2 a5 53. Ke1 Kc3 54. Bd1 f6 55. Ke2 Bd7 56. Ke1 Bxa4 0-1

[Event "X Memorial Pedro Lezcano Montalvo 2017"]
[Site "Ateneo Mpal. de Vecindario-C/Colón, s/n (Gran Canaria)"]
[Date "2017.04.14"]
[Round "8"]
[White "Guerrero Orihuela, Jose Luis"]
[Black "Garcia Blanco, Omar"]
[Result "1/2-1/2"]
[WhiteElo "1775"]
[BlackElo "2269"]
[EventDate "2017.04.08"]
[Board "8"]
[PlyCount "0"]
[EventRounds "9"]
[EventCountry "ESP"]

1. d4 Nf6 2. Nf3 c5 3. g3 cxd4 4. Nxd4 g6 5. c4 Bg7 6. Bg2 O-O 7. O-O Nc6
8. Nc3 h5 9. h4 Ng4 10. e3 Nge5 11. b3 d6 12. Nxc6 bxc6 13. Bb2 Rb8 14. Qc2
Qa5 15. Ne2 Bf5 16. e4 Bd7 17. Nf4 Bg4 18. Bc3 Nf3+ 19. Bxf3 Qxc3 20. Qxc3
Bxc3 21. Rac1 Bb2 22. Rc2 Bxf3 23. Rxb2 e5 24. Ng2 Bxe4 25. f3 Bf5 26. Rd2
d5 27. cxd5 cxd5 28. Rxd5 f6 29. Rc1 Rfc8 30. Rxc8+ Rxc8 31. Ne3 Be6 32.
Ra5 Rc7 33. Nc4 Kf8 34. Ra6 Ke7 35. Nd6 Bd7 36. Ne4 Be6 37. Nd6 Bd7 38. Ne4
f5 39. Ng5 Bc8 40. Rxg6 Rc1+ 41. Kf2 Rc2+ 42. Kg1 Rxa2 43. Rh6 Ra1+ 44. Kf2
Ra2+ 45. Kg1 Ra1+ 46. Kf2 Ra2+ 1/2-1/2

[Event "X Memorial Pedro Lezcano Montalvo 2017"]
[Site "Ateneo Mpal. de Vecindario-C/Colón, s/n (Gran Canaria)"]
[Date "2017.04.14"]
[Round "8"]
[White "Rionda Medio, Angel Arturo"]
[Black "Sgircea, Silvia-Raluca"]
[Result "0-1"]
[WhiteElo "1919"]
[BlackElo "2253"]
[EventDate "2017.04.08"]
[Board "9"]
[PlyCount "0"]
[EventRounds "9"]
[EventCountry "ESP"]

1. c4 c5 2. Nf3 g6 3. g3 Bg7 4. Bg2 Nc6 5. Nc3 d6 6. O-O Bf5 7. d3 Qd7 8.
Re1 Nf6 9. a3 O-O 10. Qc2 Rac8 11. Rb1 Bh3 12. Bh1 Bg4 13. Qa4 Nh5 14. Bd2
f5 15. Ng5 f4 16. Bd5+ e6 17. Bxc6 bxc6 18. f3 Bd4+ 19. Kg2 Qe7 20. Nce4
Bf5 21. g4 Bxe4 22. Nxe4 Ng7 23. Bc3 Be3 24. b4 cxb4 25. Bxb4 c5 26. Bc3 d5
27. Nf2 h5 28. h3 Bxf2 29. Kxf2 Qh4+ 30. Kg2 Qg3+ 31. Kf1 Qxh3+ 32. Kf2
Qh2+ 33. Kf1 d4 34. Ba5 hxg4 0-1

[Event "X Memorial Pedro Lezcano Montalvo 2017"]
[Site "Ateneo Mpal. de Vecindario-C/Colón, s/n (Gran Canaria)"]
[Date "2017.04.14"]
[Round "8"]
[White "Camino Carrio, Nicanor"]
[Black "Korneev Leskova, Svyatoslav"]
[Result "0-1"]
[WhiteElo "1980"]
[BlackElo "2186"]
[EventDate "2017.04.08"]
[Board "10"]
[PlyCount "0"]
[EventRounds "9"]
[EventCountry "ESP"]

1. e4 e6 2. d4 d5 3. Nc3 Bb4 4. e5 c5 5. a3 Bxc3+ 6. bxc3 Qa5 7. Bd2 Qa4 8.
Qg4 g6 9. Qd1 Nc6 10. Qb1 c4 11. h4 Bd7 12. h5 O-O-O 13. Qb2 Rf8 14. Rb1 b6
15. Nf3 h6 16. hxg6 fxg6 17. Nh4 Be8 18. g3 g5 19. Ng2 Nge7 20. Be2 Bg6 21.
Bg4 Kd7 22. Ne3 h5 23. Be2 g4 24. O-O Be4 25. Qb5 Bxc2 26. Qxa4 Bxa4 27. f3
gxf3 28. Rxf3 Nf5 29. Rbf1 Nce7 30. g4 hxg4 31. Nxg4 Rfg8 32. Rf4 Kc6 33.
Kf2 Bc2 34. Bf3 Ng6 35. Nf6 Nxf4 36. Bxf4 Rg7 37. Nh5 Rg6 38. Nf6 Rh4 39.
Nh5 Be4 40. Be2 Rg2+ 0-1

[Event "X Memorial Pedro Lezcano Montalvo 2017"]
[Site "Ateneo Mpal. de Vecindario-C/Colón, s/n (Gran Canaria)"]
[Date "2017.04.14"]
[Round "8"]
[White "Podvin, Francois-Xavier"]
[Black "Perez Perez, Gabriel"]
[Result "1/2-1/2"]
[WhiteElo "2175"]
[BlackElo "1899"]
[EventDate "2017.04.08"]
[Board "11"]
[PlyCount "0"]
[EventRounds "9"]
[EventCountry "ESP"]

1. e4 c5 2. Nf3 d6 3. d4 cxd4 4. Nxd4 Nf6 5. Nc3 a6 6. Bg5 e6 7. f4 Nbd7 8.
Qe2 Qc7 9. O-O-O Be7 10. g4 b5 11. a3 Bb7 12. Bg2 Nb6 13. h4 O-O-O 14. Rh3
Kb8 15. f5 e5 16. Nb3 h6 17. Be3 Nfd7 18. Nd5 Nxd5 19. exd5 Nc5 20. Nxc5
dxc5 21. c4 Qb6 22. Kb1 f6 23. Qc2 bxc4 24. Qxc4 Qb5 25. b3 Qxc4 26. bxc4
Bc8 27. h5 Bd6 28. Kc2 Ka7 29. Be4 Bd7 30. Rb1 Rb8 1/2-1/2

[Event "X Memorial Pedro Lezcano Montalvo 2017"]
[Site "Ateneo Mpal. de Vecindario-C/Colón, s/n (Gran Canaria)"]
[Date "2017.04.14"]
[Round "8"]
[White "Lam, Sophie"]
[Black "De Leon Navarro, Claudio"]
[Result "0-1"]
[WhiteElo "2080"]
[BlackElo "1627"]
[EventDate "2017.04.08"]
[Board "12"]
[PlyCount "0"]
[EventRounds "9"]
[EventCountry "ESP"]

1. e4 d5 2. exd5 Qxd5 3. Nc3 Qa5 4. d4 c6 5. Bc4 Nf6 6. Nf3 Bf5 7. Bd2 Qc7
8. Ne5 e6 9. Qe2 Bd6 10. g4 Bg6 11. h4 Bxe5 12. dxe5 Nd5 13. h5 Bxc2 14.
Rc1 Nxc3 15. Bxc3 Ba4 16. O-O c5 17. f4 g6 18. Kh2 Bd7 19. Kh3 Nc6 20. Qe3
Ne7 21. f5 gxf5 22. gxf5 Rg8 23. fxe6 Bxe6+ 24. Bxe6 fxe6 25. Rg1 O-O-O 26.
Rxg8 Rxg8 27. Qf2 Nf5 28. Bd2 Qf7 29. Qe2 Kb8 30. Rf1 Qg7 31. Bf4 Nd4 32.
Qf2 Qg4+ 0-1

[Event "X Memorial Pedro Lezcano Montalvo 2017"]
[Site "Ateneo Mpal. de Vecindario-C/Colón, s/n (Gran Canaria)"]
[Date "2017.04.15"]
[Round "9"]
[White "Kurajica, Bojan"]
[Black "Movsziszian, Karen"]
[Result "1/2-1/2"]
[WhiteElo "2517"]
[BlackElo "2483"]
[EventDate "2017.04.08"]
[Board "1"]
[PlyCount "0"]
[EventRounds "9"]
[EventCountry "ESP"]

1. Nf3 g6 2. d4 Bg7 3. g3 d6 4. Bg2 Nf6 5. O-O O-O 6. b3 e5 7. dxe5 dxe5 8.
Ba3 Qxd1 9. Rxd1 Re8 10. c4 e4 11. Nd4 c6 12. Nc3 Na6 13. b4 Bf8 14. Rab1
Bd7 15. Nc2 Be6 16. Rd4 Rad8 17. Rbd1 Rxd4 18. Rxd4 Bg7 19. b5 Nb8 20. Nxe4
Nxe4 21. Rxe4 Rd8 22. Ne3 Rd2 23. Bh3 Nd7 24. Bxe6 fxe6 25. Rxe6 Rxa2 26.
Re8+ Nf8 27. bxc6 bxc6 28. Bc5 a5 29. Ra8 a4 30. Kg2 Kf7 31. Ra7+ Kg8 32.
Ra8 Kf7 33. Ra7+ Kg8 34. Ra8 1/2-1/2

[Event "X Memorial Pedro Lezcano Montalvo 2017"]
[Site "Ateneo Mpal. de Vecindario-C/Colón, s/n (Gran Canaria)"]
[Date "2017.04.15"]
[Round "9"]
[White "Del Rio De Angelis, Salvador G"]
[Black "Castellanos Rodriguez, Renier"]
[Result "1/2-1/2"]
[WhiteElo "2524"]
[BlackElo "2482"]
[EventDate "2017.04.08"]
[Board "2"]
[PlyCount "0"]
[EventRounds "9"]
[EventCountry "ESP"]

1. d4 Nf6 2. Nf3 e6 3. e3 c5 4. Bd3 d5 5. O-O Nc6 6. b3 Bd6 7. Bb2 O-O 8.
Nbd2 cxd4 9. exd4 b6 10. a3 Bb7 11. Ne5 Rc8 12. f4 Ne7 13. Qf3 Rc7 14. Rae1
Qc8 15. c3 Ne8 16. Qe3 f5 17. Nef3 Ng6 18. g3 Re7 19. Rc1 Nf6 20. Rfe1 Rfe8
21. Bb5 Bc6 22. Bf1 Bb7 23. Bb5 Bc6 24. Bf1 Bb7 1/2-1/2

[Event "X Memorial Pedro Lezcano Montalvo 2017"]
[Site "Ateneo Mpal. de Vecindario-C/Colón, s/n (Gran Canaria)"]
[Date "2017.04.15"]
[Round "9"]
[White "Derakhshani, Dorsa"]
[Black "Dvirnyy, Danyyil"]
[Result "0-1"]
[WhiteElo "2351"]
[BlackElo "2541"]
[EventDate "2017.04.08"]
[Board "3"]
[PlyCount "0"]
[EventRounds "9"]
[EventCountry "ESP"]

1. e4 e6 2. d4 d5 3. Nc3 Nf6 4. Bg5 dxe4 5. Nxe4 Be7 6. Bxf6 gxf6 7. c3 Qd5
8. Qf3 Nd7 9. Bd3 f5 10. Ng3 Nf6 11. h4 Rg8 12. Qxd5 Nxd5 13. N1e2 Rg4 14.
h5 c5 15. O-O-O Nf6 16. Rh3 h6 17. f3 Rg5 18. Nf4 Bd7 19. Re1 Rd8 20. dxc5
Bxc5 21. Nge2 Bf2 22. Rf1 Be3+ 23. Kc2 e5 0-1

[Event "X Memorial Pedro Lezcano Montalvo 2017"]
[Site "Ateneo Mpal. de Vecindario-C/Colón, s/n (Gran Canaria)"]
[Date "2017.04.15"]
[Round "9"]
[White "Gutierrez Olivares, Daniel"]
[Black "Larino Nieto, David"]
[Result "0-1"]
[WhiteElo "2336"]
[BlackElo "2491"]
[EventDate "2017.04.08"]
[Board "4"]
[PlyCount "0"]
[EventRounds "9"]
[EventCountry "ESP"]

1. e4 e6 2. Qe2 b6 3. Nf3 c5 4. g3 Bb7 5. Bg2 Nf6 6. d3 d5 7. e5 Nfd7 8.
O-O Nc6 9. c4 d4 10. Re1 Be7 11. h4 h6 12. h5 Qc7 13. Na3 O-O-O 14. Bd2
Rdf8 15. b4 g5 16. hxg6 fxg6 17. Nb5 Qb8 18. bxc5 Bxc5 19. Nh4 Ncxe5 20.
Bf4 g5 21. Bxe5 Nxe5 22. Ng6 Nxg6 23. Qxe6+ Kd8 24. Bxb7 Qxb7 25. Qxg6 Qf7
26. Qxf7 Rxf7 27. Re4 Re8 28. Rxe8+ Kxe8 29. a4 a6 30. Na3 Rf3 31. Nc2 Rxd3
32. a5 Rc3 33. Ne1 bxa5 34. Rxa5 Bb4 35. Re5+ Kf8 36. Kg2 a5 37. Rd5 Rxc4
38. Nf3 Bc3 39. Ne5 Rc7 40. f4 Ke7 41. f5 a4 42. Ng6+ Kf6 43. Kf3 d3 44.
Rd6+ Kg7 45. Ra6 Rd7 46. Ke4 0-1